000 00800nam a22002411u 4500
001 13177
003 HDC
007 cr bn ---aaaaa
008 210212p9999 | d 00 engg
040 _aHDC
245 0 _aEU import conditions for fresh meat and meat products
260 _a[no place] :
_b[publisher not identified],
_c[no year]
300 _a 1 online resource (4 pages)
336 _atext
_2rdacontent
337 _acomputer
_2rdamedia
338 _aonline resource
_2rdacarrier
650 _afresh meat
_97131
650 _ameat products
_92253
856 _zRequest full-text at [email protected]
942 _2lcc
942 _cAR
942 _kJART 001480
999 _c10493
_d10493